Guía práctica para la toma de decisiones

Gardado en:
Detalles Bibliográficos
Autor Principal: Weiss, W. H (Author)
Formato: Libro
Idioma:Lingua castelá
Publicado: Bogotá Norma 1987
Series:Desarrollo gerencial
Subjects:
Tags: Engadir etiqueta
Sen Etiquetas, Sexa o primeiro en etiquetar este rexistro!

MARC

LEADER 00000nam a2200000 a 4500
001 UCW5758
003 CL-VaPUC
008 910805e19870000CK |||||||||||||||||spa|d
082 0 4 |a 658.403  |b WEI  |2 21 
100 0 |a Weiss, W. H  |e author  |9 310765 
245 1 0 |a Guía práctica para la toma de decisiones 
300 |a 237 p 
942 |c BK 
945 |d 19910805 00:00:00 
260 |a Bogotá  |b Norma  |c 1987 
650 0 |a Toma de decisiones   |9 257530 
650 7 |a EJECUTIVOS  |2 CL-VaPUC  |9 260629 
650 0 |a Aptitud de mando   |9 307591 
583 |a last modification  |c 19910805 00:00:00  |k Rodrigo Vera 
490 0 |a Desarrollo gerencial 
999 |c 219089  |d 219087 
952 |0 0  |1 0  |4 0  |6 658_403000000000000_WEI_1987  |7 0  |8 P  |9 209604  |a BIBEDU  |b BIBEDU  |c BIBEDU_PB  |d 2019-11-15  |i 2774879  |o 658.403 WEI 1987  |p 2774879  |r 2024-01-25  |w 2019-11-15  |y BK  |k EDU